Quantum modeling of common sense

Quantum theory is a powerful framework for probabilistic modeling of cognition. Strong empirical evidence suggests the context- and order-dependent representation of human judgment and decision-making processes, which falls beyond the scope of classical Bayesian probability theories. However, consid...

Full description

Saved in:
Bibliographic Details
Main Authors: Noori, Hamid Reza (Author) , Spanagel, Rainer (Author)
Format: Article (Journal)
Language:English
Published: 14 May 2013
In: Behavioral and brain sciences
Year: 2013, Volume: 36, Issue: 3, Pages: 302
ISSN:1469-1825
DOI:10.1017/S0140525X1200307X
Online Access:Verlag, lizenzpflichtig, Volltext: https://doi.org/10.1017/S0140525X1200307X
Verlag, lizenzpflichtig, Volltext: https://www.cambridge.org/core/journals/behavioral-and-brain-sciences/article/quantum-modeling-of-common-sense/95302CE3B3F54495DA6D93184E24952D
Get full text
Author Notes:Hamid R. Noori, Rainer Spanagel

MARC

LEADER 00000caa a2200000 c 4500
001 1787210413
003 DE-627
005 20220820113938.0
007 cr uuu---uuuuu
008 220126s2013 xx |||||o 00| ||eng c
024 7 |a 10.1017/S0140525X1200307X  |2 doi 
035 |a (DE-627)1787210413 
035 |a (DE-599)KXP1787210413 
035 |a (OCoLC)1341439431 
040 |a DE-627  |b ger  |c DE-627  |e rda 
041 |a eng 
084 |a 33  |2 sdnb 
100 1 |a Noori, Hamid Reza  |d 1982-  |e VerfasserIn  |0 (DE-588)136385877  |0 (DE-627)58206872X  |0 (DE-576)300993609  |4 aut 
245 1 0 |a Quantum modeling of common sense  |c Hamid R. Noori, Rainer Spanagel 
264 1 |c 14 May 2013 
300 |a 1 
336 |a Text  |b txt  |2 rdacontent 
337 |a Computermedien  |b c  |2 rdamedia 
338 |a Online-Ressource  |b cr  |2 rdacarrier 
500 |a Gesehen am 26.01.2022 
520 |a Quantum theory is a powerful framework for probabilistic modeling of cognition. Strong empirical evidence suggests the context- and order-dependent representation of human judgment and decision-making processes, which falls beyond the scope of classical Bayesian probability theories. However, considering behavior as the output of underlying neurobiological processes, a fundamental question remains unanswered: Is cognition a probabilistic process at all? 
700 1 |a Spanagel, Rainer  |d 1961-  |e VerfasserIn  |0 (DE-588)112706312  |0 (DE-627)521941261  |0 (DE-576)289740002  |4 aut 
773 0 8 |i Enthalten in  |t Behavioral and brain sciences  |d New York, NY [u.a.] : Cambridge Univ. Press, 1978  |g 36(2013), 3, Seite 302  |h Online-Ressource  |w (DE-627)300187181  |w (DE-600)1481789-5  |w (DE-576)078941601  |x 1469-1825  |7 nnas  |a Quantum modeling of common sense 
773 1 8 |g volume:36  |g year:2013  |g number:3  |g pages:302  |g extent:1  |a Quantum modeling of common sense 
856 4 0 |u https://doi.org/10.1017/S0140525X1200307X  |x Verlag  |x Resolving-System  |z lizenzpflichtig  |3 Volltext 
856 4 0 |u https://www.cambridge.org/core/journals/behavioral-and-brain-sciences/article/quantum-modeling-of-common-sense/95302CE3B3F54495DA6D93184E24952D  |x Verlag  |z lizenzpflichtig  |3 Volltext 
951 |a AR 
992 |a 20220126 
993 |a Article 
994 |a 2013 
998 |g 112706312  |a Spanagel, Rainer  |m 112706312:Spanagel, Rainer  |d 60000  |e 60000PS112706312  |k 0/60000/  |p 2  |y j 
998 |g 136385877  |a Noori, Hamid Reza  |m 136385877:Noori, Hamid Reza  |d 60000  |e 60000PN136385877  |k 0/60000/  |p 1  |x j 
999 |a KXP-PPN1787210413  |e 4044802149 
BIB |a Y 
SER |a journal 
JSO |a {"origin":[{"dateIssuedKey":"2013","dateIssuedDisp":"14 May 2013"}],"recId":"1787210413","language":["eng"],"name":{"displayForm":["Hamid R. Noori, Rainer Spanagel"]},"id":{"eki":["1787210413"],"doi":["10.1017/S0140525X1200307X"]},"title":[{"title_sort":"Quantum modeling of common sense","title":"Quantum modeling of common sense"}],"note":["Gesehen am 26.01.2022"],"physDesc":[{"extent":"1 S."}],"person":[{"role":"aut","family":"Noori","given":"Hamid Reza","display":"Noori, Hamid Reza"},{"given":"Rainer","display":"Spanagel, Rainer","role":"aut","family":"Spanagel"}],"relHost":[{"type":{"bibl":"periodical","media":"Online-Ressource"},"disp":"Quantum modeling of common senseBehavioral and brain sciences","titleAlt":[{"title":"BBS"}],"note":["Gesehen am 17.04.24"],"title":[{"title":"Behavioral and brain sciences","subtitle":"BBS ; an international journal of current research and theory with open peer commentary","title_sort":"Behavioral and brain sciences"}],"part":{"volume":"36","text":"36(2013), 3, Seite 302","issue":"3","extent":"1","pages":"302","year":"2013"},"physDesc":[{"extent":"Online-Ressource"}],"recId":"300187181","origin":[{"publisherPlace":"New York, NY [u.a.] ; [Erscheinungsort nicht ermittelbar]","publisher":"Cambridge Univ. Press ; Proquest","dateIssuedDisp":"1978-","dateIssuedKey":"1978"}],"id":{"eki":["300187181"],"issn":["1469-1825"],"zdb":["1481789-5"]},"pubHistory":["1.1978 -"],"language":["eng"]}],"type":{"bibl":"article-journal","media":"Online-Ressource"}} 
SRT |a NOORIHAMIDQUANTUMMOD1420